Statystyki dla Czy ktoś kiedykolwiek to zrobił? #3

Kliknij tutaj aby rozwiązać quiz!

Ogólne statystyki

  • Ten quiz został rozwiązany 13 475 razy
  • Średni wynik to 10 z 15

Statystyki odpowiedzi

ZagadnienieOdpowiedź% Poprawnych
Czy ktoś kiedykolwiek strzelił w papieża?Tak
95%
Czy ktoś kiedykolwiek został zjedzony przez krokodyla?Tak
89%
Czy ktoś kiedykolwiek celowo zderzył ze sobą dwa pociągi i sprzedawał bilety na to wydarzenie?Tak
79%
Czy ktoś kiedykolwiek zginął na księżycu?Nie
77%
Czy ktoś kiedykolwiek sprawował urząd prezydenta USA przez ponad 2 kadencje?Tak
75%
Czy ktoś kiedykolwiek był wyższy niż 3 metry?Nie
71%
Czy ktoś kiedykolwiek znalazł ciało albo samolot Amelii Earhart?Nie
65%
Czy ktoś kiedykolwiek uderzył piłeczkę golfową na księżycu?Tak
63%
Czy ktoś kiedykolwiek przeżył bez oddechu przez ponad pół godziny?Tak
62%
Czy ktoś kiedykolwiek wysłał wiadomość do przeszłości?Nie
57%
Czy ktoś kiedykolwiek stanął na biegunie północnym i południowym w ten sam dzień?Nie
56%
Czy ktoś kiedykolwiek był "native speakerem" esperanto?Tak
51%
Czy ktoś kiedykolwiek przeżył bez jedzenia przez ponad jeden rok?Tak
47%
Czy ktoś kiedykolwiek został wyleczony z dystrofii mięśniowej?Nie
44%
Czy ktoś kiedykolwiek wylądował helikopterem na szczycie Mount Everest?Tak
25%

Rozkład punktacji

Percentyl według liczby udzielonych odpowiedzi

Procent ludzi z każdym wynikiem

Twoja historia wyników

Nie rozwiązałeś tego quizu